Franklin... ou Théodore Roosevelt - Statistiques

Statistiques générales
  • Ce quiz a été pris 35 fois
    33 depuis la dernière actualisation
  • Le résultat moyen est 11 sur 18
Statistiques - réponses
Question Réponse % Correct
A été prèsident pendant la Seconde Guerre mondiale Franklin
100%
Il allait en Afrique pour chasser des animaux rares Théodore
100%
Il a été sculpté sur le Mont Rushmore Theodore
100%
A eu une moustache pendant la majeure partie de sa vie d'adulte Théodore
100%
Est décédé alors qu'il était président Franklin
80%
Il a mis en place un ensemble de politiques appelé "New Deal" (Nouvelle Donne) Franklin
80%
A été un membre du parti républicain Théodore
80%
A contribué à la construction du canal de Panama Théodore
80%
A été marié à Eleanor Roosevelt Franklin
60%
A declaré: "La seule chose que nous devons craindre, c'est la peur elle-même" ? Franklin
40%
A utilisé un fauteuil roulant pendant une grande partie de sa vie d'adulte Franklin
40%
Est né a New York Les deux
40%
A survécu à une tentative d'assassinat Les deux
40%
A grandi dans la richesse Les deux
40%
A été vice-président des États-Unis Théodore
40%
Son visage figure sur la pièce de dix cents américaine Franklin
20%
A servi au combat Théodore
20%
A été secrétaire adjoint de la Marine Les deux
0%
Aucun quiz correspondant
Distribution des résultats
% des personnes avec chaque résultat
Percentile par nombre de réponses
Votre historique - résultats
Vous n’avez pas pris ce quiz depuis la dernière actualisation